[Event "Leonid Stein Memorial"]
[Site "Lvov"]
[Date "2000.05.15"]
[Round "4"]
[White "Gelfand, Boris"]
[Black "Krasenkow, Michal"]
[Result "0-1"]
[WhiteElo "2690"]
[BlackElo "2660"]
[Annotator "Tsesarsky,I"]
[PlyCount "74"]
[EventDate "2000.05.12"]
[EventType "tourn"]
[EventRounds "10"]
[EventCountry "UKR"]
[EventCategory "17"]
[SourceTitle "CBM 077"]
[Source "ChessBase"]
[SourceDate "2000.07.27"]
[SourceVersion "1"]
[SourceVersionDate "2000.07.27"]
[SourceQuality "1"]

1. Nf3 d5 2. d4 c6 3. c4 e6 4. Qc2 dxc4 5. Qxc4 Nf6 6. Bg5 b5 7. Qc2 Bb7 8. e3
$1 {Before this game I thought, better is 8.e4, but Gelfand demonstrates deep
preparation to this variation} (8. e4 $5 a6 (8... Nbd7 9. Bd3 $5 (9. Nbd2 h6
10. Bh4 (10. Bxf6 Qxf6 11. e5 Qd8 12. Bd3 Qb6 13. a4 a6 14. O-O Be7 (14... c5
15. axb5 axb5 16. Rxa8+ Bxa8 17. Ra1 Bd5 18. Be4 $14) 15. Be4 O-O 16. axb5 cxb5
17. Bxb7 Qxb7 18. Rfc1 Rfc8 19. Qe4 Qxe4 20. Nxe4 $132) 10... Qb6 11. a4 $5 $14
) 9... a6 10. a4 h6 11. Bh4 Rc8 12. Nbd2 Qb6 13. O-O c5 14. a5 Qd8 15. e5 g5
16. Bg3 cxd4 17. Qd1 Nh5 18. Be4 Bxe4 19. Nxe4 Nc5 20. Nfd2 Nxg3 21. Nf6+ Ke7
22. fxg3 $16 {Ulibin,Mikhail-Galkin,Alexander/Oberwart op (9) ;EXT 2000 1999/
1-0 (43)}) 9. Nbd2 (9. Nc3 Nbd7 10. e5 h6 11. Bd2 b4 12. exf6 (12. Na4 $5 Nd5
13. Rc1 Rc8 14. Nc5 (14. Bd3 c5 $11) 14... Bxc5 15. dxc5 Qa5 16. a3 $14) 12...
bxc3 13. bxc3 Nxf6 14. Rb1 Rb8 15. Ne5 Bd6 16. Be2 {1/2-1/2 Ionov,
Sergey-Solovjov,Sergey/Chigorin mem (4) ;CBM 67 ext 1998}) 9... h6 10. Bh4 Qb6
$14) 8... Nbd7 9. Bd3 {This move is more flexible than another continuations 
(except of 9.Be2)} (9. Nbd2 Qb6 10. Be2 (10. a4 bxa4 11. Rxa4 c5 $132) 10... c5
11. O-O Rc8 12. Rac1 (12. Qb3 c4 13. Qc2 Nd5 $132) 12... Be7 13. dxc5 (13. Qb3
a6 14. a4 c4 15. Qc2 O-O $132) 13... Rxc5 14. Qd3 $11 {1-0 Ibragimov,
Ildar-Lugo,Blas/New York op (3) ;CBM 64 1998 (20)}) (9. Nc3 a6 10. a4 c5 11.
axb5 Bxf3 12. gxf3 cxd4 13. exd4 axb5 14. Rxa8 Qxa8 15. Bxf6 Nxf6 16. Bxb5+ Kd8
17. Be2 (17. Qa4 Qxa4 18. Bxa4 Bb4 $44 {[%csl Rb2,Rd4,Rf2,Rf3]}) 17... Bd6 18.
Rg1 Qa1+ 19. Bd1 g6 20. Ne4 Bb4+ 21. Kf1 Nd5 $44) (9. Be2 $5 {Alternative plan,
maybe also strong, like 9.Bd3. White B placed on e2 defend Nf3.} a6 (9... Qb6
10. a4 $1 $14 (10. O-O c5 11. a4 a6 12. axb5 axb5 13. Nc3 $1 (13. Rxa8+ Bxa8
14. dxc5 Bxc5 15. b4 Bxb4 {1/2-1/2 Masternak,Aleksander-Van der Vorm,Teun/
EU-ch Union SCIPT (6) ;EXT 2000 1999}) 13... b4 14. Na4 $16)) 10. a4 Bb4+ 11.
Nc3 c5 12. axb5 cxd4 13. exd4 axb5 14. O-O {[%csl Rb5]} O-O 15. Nxb5 $14) 9...
a6 10. a4 $1 $146 {White attack Pb5 to prevent c6-c5 promotion White Nb1 is
waiting for Black reaction and keeping two ways for development - d2 or c3.} (
10. Qe2 $6 {Why to play twice with developed piece?} c5 11. O-O Be7 12. Nc3 O-O
13. Bc2 Rc8 14. dxc5 Rxc5 15. e4 Qc7 16. Bd3 Bd6 $11 {1-0 Benkovic,
Petar-Leskiewicz,Maksymilian/Wch U20 Yerevan (11) ;CBM 72 ext 1999 (35)}) 10...
Bb4+ (10... Qb6 11. Nc3 b4 12. a5 Qa7 13. Na4 $5 (13. Bxf6 bxc3 (13... Nxf6 14.
Na4 $14) 14. Bh4 (14. Bg5 cxb2 15. Qxb2 c5 16. O-O Bxf3 17. gxf3 Bd6 18. Rfc1
O-O $132) 14... cxb2 15. Qxb2 c5 $11) 13... c5 14. O-O Bxf3 15. gxf3 cxd4 16.
Qc6 h6 17. Nb6 Rd8 18. Nc8 $1 Qc5 19. Qxe6+ $3 Be7 (19... fxe6 20. Bg6#) 20.
Qxe7+ Qxe7 21. Nxe7 Kxe7 22. Bxf6+ Kxf6 23. Bxa6 $14) 11. Nc3 c5 $5 {
Interesting reaction - P sacrifice} (11... bxa4 $142 $14) 12. Bxf6 $1 (12. axb5
cxd4 13. exd4 axb5 14. O-O Bxf3 (14... Rc8 15. Bxb5 O-O (15... Bxf3 16. gxf3
Qc7 17. Qa4 $16) 16. Ra4 Bxc3 17. bxc3 Nb6 18. Rb4 Bxf3 19. gxf3 Nbd5 20. Rb3
h6 21. Bh4 $16 (21. Be3 Nxe3 22. fxe3 Nd5 23. Re1 Rxc3 24. Rxc3 Nxc3 25. Qxc3
Qg5+ $11 {[%csl Rb5]})) 15. gxf3 h6 16. Bxf6 Nxf6 17. Bxb5+ Ke7 $14) 12... Nxf6
$6 $16 (12... gxf6 $142 13. Be4 (13. axb5 $6 Bxf3 14. gxf3 cxd4 15. exd4 axb5
$44) 13... Bxe4 (13... Qb8 14. O-O $16) 14. Qxe4 bxa4 15. Rxa4 $14) 13. dxc5
O-O 14. axb5 axb5 15. O-O Bxf3 16. gxf3 Rc8 (16... Rxa1 17. Rxa1 Bxc5 18. Nxb5
$16 {[%cal Gg1f1]}) 17. Nxb5 $5 (17. Rfd1 $142 $1 {[%csl Rd8][%cal Gd3h7]} Qe7
(17... Qc7 18. Nxb5 Qxc5 19. Qxc5 Rxc5 20. Ra4 $16) 18. c6 $1 (18. Nxb5 Rxc5
19. Qe2 Rh5 20. f4 $16) 18... Rxc6 (18... Qc5 19. Nxb5 Rxc6 (19... Qg5+ 20. Kf1
$16) 20. Qxc5 Bxc5 21. Rdc1 $16) 19. Nd5 Qe8 (19... Nxd5 20. Qxc6 Qg5+ 21. Kh1
$18) 20. Nxf6+ gxf6 21. Bxh7+ Kg7 22. Qb3 Rc5 (22... Kxh7 23. Qxb4 Rc4 24. Qd6
$16) 23. Qxb4 Rc4 24. Qd6 Kxh7 25. Kh1 $16) 17... Rxc5 18. Qe2 Rh5 {Losing the
strategical battle Krasenkow tries to find tactical chances...} 19. f4 (19.
Rfc1 $6 Nd7 $1 {[%cal Gd8h4]} 20. f4 Qh4 21. f3 Bc5 {[%csl Re3,Rh2]} 22. Rc2 {
[%cal Gc2h2]} e5 23. b4 (23. fxe5 Rxe5 24. Be4 Nf6 25. Nc3 Qg5+ 26. Kh1 Bxe3
$17) 23... Bb6 $44) 19... e5 20. fxe5 $2 $17 {Terrible move} (20. Rfd1 $2 Qc8
21. Ra4 Qh3 22. f3 Bc5 $17) ({Right was} 20. Ra4 $1 Bc5 21. Rd1 Qc8 {[%cal
Gc8h3]} 22. Qf3 exf4 23. Rxf4 $16) 20... Ng4 $1 {[%csl Rg1,Rh2][%cal Gd8h4]}
21. f4 (21. Qxg4 Rg5 $19) (21. Ra4 Qh4 $19) 21... Qh4 22. Nd4 (22. Be4 Bc5 23.
Rf3 Nxh2 $19) (22. Rfc1 Nxh2 {[%cal Rh4g3]} 23. Qf2 $8 Qg4+ 24. Qg2 Bd2 25.
Qxg4 Nxg4 26. Rf1 (26. Rc4 g5 $1 27. fxg5 (27. Be2 Bxe3+ 28. Kg2 Rh2+ 29. Kf3
h5 $19) 27... Nxe5 $19) 26... Bxe3+ 27. Kg2 Nh2 $19 {[%csl Rf4]}) 22... Nxh2
23. Nf5 $2 $19 (23. Qg2 Nxf1 24. Rxf1 Bd2 $19) ({It wasn't easy to find} 23.
Rf2 $1 Ng4 24. Be4 Rd8 25. Bf3 Nxf2 26. Qxf2 Qxf2+ 27. Kxf2 Rh2+ 28. Bg2 Rh6
$17) 23... Nf3+ 24. Rxf3 $8 Qh1+ 25. Kf2 Qxa1 26. Rg3 Be1+ 27. Kg2 Rxf5 28. Rh3
({Did not help also} 28. Bxf5 Bxg3 29. Kxg3 g6 (29... Rb8 30. e6 fxe6 (30...
Rxb2 31. e7 Qg1+ 32. Kf3 $11) 31. Bxe6+ Kh8 32. b3 $17) 30. Bd7 Qg1+ (30... Rb8
31. e6 Kf8 32. Qc2 Qe1+ 33. Kf3 Qb4 34. f5 $1 h5 35. exf7 Qg4+ 36. Kf2 $44) 31.
Kf3 h5 32. b4 (32. e6 Qg4+ 33. Kf2 Qxe2+ 34. Kxe2 fxe6 35. Bxe6+ Kg7 36. Bd5 (
36. Kf3 g5 $19) 36... Kf6 37. Kf3 g5 $19) 32... g5 33. fxg5 Qxg5 34. Qg2 Qxg2+
35. Kxg2 Rd8 36. Bc6 (36. e6 Kf8 37. b5 Ke7 $19) 36... Rd3 37. Kf3 Rb3 38. b5
Kg7 39. Kf4 h4 40. Kg4 Rxe3 41. Kxh4 Rxe5 42. b6 Re1 43. b7 Rb1 44. Kg5 Kf8 45.
Kf6 Rb6 46. Ke5 Ke7 47. Kd5 Kd8 $1 $19) 28... Rb8 $4 {Maybe time pressure?} (
28... Rd8 $1 $19 29. Kf3 (29. Bxf5 Rd2 $19) 29... g6 30. Rh1 Rxd3 31. Qxd3 Qa5
32. e4 Rh5 33. Rxh5 gxh5 34. e6 fxe6 $19) (28... g6 $2 29. Bxf5 gxf5 30. Rxh7
$1 $11 (30. Rh1 Qa8+ 31. Kg1 Bb4 32. Qh5 Rd8 33. Qxh7+ Kf8 34. Qh8+ Ke7 35.
Qf6+ Ke8 36. Rh8+ Bf8 $19)) 29. Bxf5 Rxb2 30. Bxh7+ Kf8 31. Bc2 g6 32. Qc4 Qa8+
33. Kf1 $4 $44 (33. e4 Qa7 34. Qc8+ Ke7 35. Kh1 $1 $18) (33. Kg1 $18 {[%csl
Rf8][%cal Rh3h8,Re5e6]}) 33... Bh4 34. Qe4 $4 $19 {[%csl Rc2,Rf1]} (34. Qd3 Kg7
35. e6 Qa1+ 36. Qd1 Qa6+ 37. Kg1 Qxe6 38. Rxh4 Qxe3+ 39. Kf1 Rb4 $11) 34...
Qa1+ 35. Kg2 Qc1 36. Rxh4 Rxc2+ 37. Kh3 Qf1+ 0-1

[Event "Leonid Stein Memorial"]
[Site "Lvov"]
[Date "2000.05.18"]
[Round "6"]
[White "Romanishin, Oleg M"]
[Black "Krasenkow, Michal"]
[Result "1/2-1/2"]
[WhiteElo "2578"]
[BlackElo "2661"]
[Annotator "Tsesarsky,I"]
[PlyCount "94"]
[EventDate "2000.05.12"]
[EventType "tourn"]
[EventRounds "10"]
[EventCountry "UKR"]
[EventCategory "17"]
[SourceTitle "CBM 077"]
[Source "ChessBase"]
[SourceDate "2000.07.27"]
[SourceVersion "1"]
[SourceVersionDate "2000.07.27"]
[SourceQuality "1"]

1. d4 d5 2. c4 e6 3. Nf3 c6 4. g3 dxc4 5. Bg2 b5 6. a4 Bb7 7. O-O Nd7 8. Nc3 a6
9. Ne5 Ne7 (9... Nxe5 $1 10. dxe5 Qc7 (10... Qb8 11. Bf4 (11. Ne4 Qxe5 $17 (
11... Be7 $6 12. Bf4 Qc7 13. axb5 cxb5 14. Qd4 Kf8 15. Rfd1 $44 {1/2-1/2
Tatai-Nikolic/Bari 1970/[ 5] (43)})) 11... Ne7 12. Ne4 Ng6 13. Qd2 $15) (10...
Ne7 11. Bg5 h6 12. Bxe7 Bxe7 13. axb5 axb5 14. Nxb5 Rxa1 15. Qxa1 cxb5 16. Bxb7
O-O 17. Qa6 Qc7 18. Bc6 Qxe5 {1/2-1/2 Mikhalevski,V-Tregubov,P/Cappelle La
Grande FRA 2000/[ 5] (18)}) 11. axb5 (11. Ne4 Qxe5 (11... Rd8 12. Qc2 Qxe5 (
12... f5 13. Ng5 (13. exf6 Nxf6 14. Ng5 $44) 13... Bc8 14. axb5 cxb5 15. Rxa6
Bxa6 16. Nxe6 Qc8 17. Nxd8 Kxd8 18. Rd1+ Ke8 19. e4 $44 {[%csl Re8] 1-0
Borovikov,V-Santos,C/EU-chJ Sas van Ghent 1992/[ 5] (28)}) 13. axb5 cxb5 14.
Nf6+ Nxf6 15. Bxb7 Bc5 $17) 12. axb5 Rd8 13. Qc2 cxb5 14. Nf6+ Nxf6 15. Bxb7
Bb4 16. Bf4 Qc5 17. Rxa6 O-O $17) 11... cxb5 (11... axb5 12. Rxa8+ Bxa8 13.
Nxb5 cxb5 14. Bxa8 Ne7 15. b3 c3 16. Qd3 Qb8 17. Bg2 $16 {[%cal Gf1d1]}) 12.
Nxb5 axb5 13. Rxa8+ Bxa8 14. Bxa8 Bc5 15. b3 Ne7 16. bxc4 O-O $15) (9... Ngf6
10. Bxc6 Bxc6 11. Nxc6 Qc8 12. axb5 $14 {1-0 Fominyh,A-Filippov,V/Elista 1996/
CBM 56/ (21)}) (9... Qc7 10. axb5 axb5 11. Rxa8+ Bxa8 12. Nxb5 cxb5 13. Bxa8
Nxe5 14. dxe5 Bc5 $15) (9... Qc8 10. e4 Ngf6 11. Bf4 Be7 12. d5 cxd5 13. exd5
exd5 14. axb5 axb5 (14... O-O 15. bxa6 Rxa6 16. Rxa6 Bxa6 17. Nxd5 Nxd5 18.
Bxd5 Nxe5 19. Bxe5 c3 20. Re1 c2 (20... cxb2 $11) 21. Qc1 Re8 (21... Bb4 22.
Qg5 $18) 22. Bc3 Bd3 23. Be4 Qc4 24. Bxd3 Qxd3 $11) 15. Rxa8 Bxa8 16. Nxb5 O-O
$17) 10. axb5 ({Krasenkow didn't afraid of} 10. Nxf7 Kxf7 11. Ne4 Kg8 (11...
Nd5 $5 $17) 12. Ng5 Nf6 (12... Nb6 $17) 13. axb5 Bc8 (13... axb5 $2 14. Bh3 $1
Nf5 15. Nxe6 Qd7 16. Rxa8 Bxa8 17. Bxf5 $16) (13... Qd7 14. Bh3 Nf5 15. e4 Nxe4
16. Nxe4 cxb5 $17) 14. bxc6 $44 {1-0 Mikhalevski,V-Rabinovich,A/Antwerp BEL
1999/[ 5] (35)}) 10... axb5 11. Rxa8 Bxa8 12. Nxd7 Qxd7 13. e4 Ng6 $2 $146 ({
I really don't understand what wrong was in} 13... g6 $1 14. e5 (14. h4 Bg7 15.
Be3 O-O $17) (14. Be3 Bg7 15. Qa1 O-O 16. Rd1 Bb7 $17) 14... Bg7 15. Ne4 O-O
16. Bg5 Nd5 $5 $15 (16... Qa7 $6 17. Nf6+ $1 (17. Bf6 $2 Nf5 18. Bxg7 Kxg7 19.
Qf3 Qxd4 20. g4 c5 $1 $19) (17. Qa1 Qxa1 18. Rxa1 Nf5 19. Nc5 Nxd4 20. Nd7 Nb3
21. Ra2 Re8 $15 {0-1 Solozhenkin,E-Tregubov,P/Russian Club Cup, Maikop RUS
1998/[ 5] (44)}) 17... Kh8 18. Be4 Nf5 (18... h6 19. Be3 Nd5 20. Bxd5 cxd5 21.
Qd2 h5 22. Bh6 Rc8 23. g4 $1 $16) 19. Bxf5 exf5 20. Qd2 Rd8 21. Rd1 Rc8 22. Bh6
Bxf6 23. exf6 Re8 24. Bg7+ Kg8 25. Qh6 Qa4 26. Rf1 Qb4 27. Bh8 Qf8 28. Bg7 Qd6
29. Bh8 $11)) 14. h4 $1 Bb4 15. h5 Ne7 16. h6 $1 $44 gxh6 $2 $16 (16... g6 $142
17. Bg5 O-O 18. Bf6 (18. Qf3 f5 $17) 18... Bb7 19. Qg4 $44) 17. Bxh6 Rg8 18.
Be3 {[%csl Ra8,Rh7] Black king remain in the center} Ng6 19. Qh5 Bb7 20. Ra1 (
20. e5 {[%cal Gc3e4]} c5 $1 21. Bxb7 Qxb7 22. dxc5 Bxc3 23. bxc3 Qe4 {[%cal
Gg6h4]} 24. Qh1 $8 Qxh1+ 25. Kxh1 Nxe5 26. Rb1 Kd7 27. Rxb5 Ra8 $11) (20. Qxh7
Rh8 21. Qg7 Bf8 22. Qf6 Rh7 23. Qf3 $132) 20... Kd8 (20... f6 21. e5 fxe5 22.
Ne4 Qf7 23. dxe5 Kd8 24. Ra7 $16) 21. d5 $1 {Logical continuation of White
strategy.} (21. Ra7 $5 $16) 21... Bxc3 (21... cxd5 22. exd5 e5 (22... Bxc3 23.
dxe6 fxe6 24. Ra7 $18) 23. Bh3 $16) 22. bxc3 Kc8 (22... cxd5 23. exd5 exd5 24.
Bb6+ Ke7 (24... Kc8 25. Bh3 $18) 25. Re1+ $16 {[%csl Re7]}) 23. Qxh7 $18 {
White's position is winning} (23. dxc6 $5 Bxc6 (23... Qxc6 24. Ra5 {[%csl Rb5]}
e5 25. Qf5+ Qe6 26. Rxb5 $18) 24. Ra7 Qd6 25. Rxf7 $16) 23... Rh8 24. dxe6 Qxe6
25. Qg7 Rd8 (25... c5 26. Bxc5 Bxe4 27. Re1 f5 28. Bxe4 fxe4 29. Ra1 $18) 26.
Bb6 Re8 27. Qh6 $1 {[%cal Gg2h3]} (27. Bh3 $1 Qxh3 28. Qxf7 Qd7 29. Qxg6 Re7 (
29... Qe6 30. Qxe6+ Rxe6 31. Rd1 Re8 32. f3 $18) 30. Bc5 (30. Be3 c5 31. Qg5
Rxe4 32. Qxc5+ Qc6 33. Qxc6+ Bxc6 $16) 30... Re5 31. Bd4 Re6 32. Qf5 Re7 33. f4
Qxf5 34. exf5 $18) (27. Bd4 $2 Nf8 28. Ra7 Nd7 29. Bf3 $14) 27... Rh8 28. Rd1
Ba8 (28... Qe7 29. Bh3+ Kb8 30. Qe3 Rxh3 31. Rd8+ Bc8 32. Ba7+ Qxa7 33. Rxc8+
$18) 29. Qg5 ({Immediately was winning} 29. Rd8+ $1 Rxd8 (29... Kb7 30. Rxh8
Nxh8 31. Qxh8 Kxb6 32. Qxa8 $18) 30. Bh3 $18) 29... Kb7 30. Bd4 Re8 31. Qc5 {
[%cal Gc5a7]} Kc8 $8 32. Ra1 (32. Qa7 $1 Bb7 33. Bc5 $18 {[%cal Gc5d6]}) 32...
Bb7 33. Ra7 Ne5 34. Rxb7 $1 Kxb7 35. Qb6+ $2 $16 ({Right implementation of the
same idea was} 35. Qa7+ $1 Kc8 36. Bxe5 Qxe5 37. Bh3+ Re6 38. Qxf7 $18) 35...
Kc8 36. Bxe5 $2 $44 {Fatal mistake} (36. Qa6+ $1 Kd8 37. Qa5+ Ke7 38. Qa3+ $1
c5 (38... Kd7 39. Qa7+ $18) (38... Kf6 39. f4 $18) 39. Qxc5+ Kd8 40. Qxb5 $16 {
To defend this position is not easy for Black. White have good chances to win.}
) 36... Qxe5 37. Bh3+ Re6 38. Qxc6+ Kb8 39. Bxe6 fxe6 {This Queens endgame is
drawn!} 40. Qb6+ Kc8 41. Qc6+ Kb8 42. Qb6+ Kc8 43. Qe3 b4 $1 44. cxb4 c3 {
[%csl Gc3] Free pawn in Queens endings cost very expensive...} 45. f4 Qc7 46.
Kf2 Qc4 47. f5 (47. Qe2 Qxb4 48. Kf3 Qb2 $44) 47... c2 1/2-1/2

[Event "Capablanca Memorial Elite 35th"]
[Site "Varadero"]
[Date "2000.05.10"]
[Round "4"]
[White "Volzhin, Alexander"]
[Black "Acs, Peter"]
[Result "1-0"]
[WhiteElo "2545"]
[BlackElo "2540"]
[Annotator "Tsesarsky,I"]
[PlyCount "101"]
[EventDate "2000.05.07"]
[EventType "tourn"]
[EventRounds "13"]
[EventCountry "CUB"]
[EventCategory "13"]
[SourceTitle "CBM 077"]
[Source "ChessBase"]
[SourceDate "2000.07.27"]
[SourceVersion "1"]
[SourceVersionDate "2000.07.27"]
[SourceQuality "1"]

{[%mdl 4096]} 1. d4 Nf6 2. c4 e6 3. Nf3 d5 4. e3 Be7 5. Nbd2 $132 {In this
modest opening White can't hope to advantage.} O-O 6. Bd3 c5 (6... b6 $5 {
Possible also} 7. Qc2 (7. O-O Bb7 8. cxd5 exd5 9. Ne5 c5 10. b3 Nc6 11. Nxc6
Bxc6 12. Bb2 Bb7 $132 (12... cxd4 $6 13. Bxd4 $14 {Rashkovsky,Nukhim N-Mali,
Slavko/Bled op (2) ;CBM 29 1992/1-0 (46)})) 7... Bb7 8. a3 Nbd7 9. b4 dxc4 10.
Nxc4 c5 11. dxc5 bxc5 12. b5 a6 13. bxa6 Bxa6 $11 {1/2-1/2 Rantanen,Yrjo
A-Timoshchenko,Gennadi A/Helsinki (11) ;MCL 1986 (19)}) 7. dxc5 {Precisely!} (
7. cxd5 $142 $6 exd5 (7... cxd4 $1 8. Nxd4 (8. dxe6 dxe3 9. exf7+ Rxf7 10. Bc4
exd2+ 11. Qxd2 $15) 8... e5 $11 {-Tsesarsky}) 8. dxc5 Bxc5 9. Nb3 {This
position also about equal, but why not to play without isolated P ?} Bb6 $132 {
0-1 Rosenlund,Thorbjorn-Rosell,Kaj/DEN-ch Aarhus (6) ;EXT 2000 1976 (36)}) (7.
O-O cxd4 $1 (7... Nc6 8. a3 (8. b3 b6 9. Bb2 Bb7 10. Qe2 Qb8 11. Rad1 (11. Ne5
Rd8 12. cxd5 exd5 13. f4 Nb4 $132 {1/2-1/2 Sekulic,Dusan-Vukovic,Zdravko/
JUG-ch Banja Vrucica ;EXT 97 1991 (23)}) 11... Rd8 12. Ne5 Qc7 13. f4 dxc4 14.
bxc4 cxd4 15. Nxc6 Bxc6 16. exd4 Bd6 $5 {[%csl Rf4,Rh2][%cal Gc7h2]} (16...
Rac8 17. f5 $14 (17. Nf3 Ba4 18. Rde1 Bb4 19. Rb1 Qxf4 $15 {1/2-1/2 Sekulic,
Dusan-Bzenic,Dejan/JUG-ch Banja Vrucica ;EXT 97 1991 (41)})) 17. Qf2 Bb7 $132)
(8. dxc5 dxc4 9. Nxc4 Bxc5 10. a3 b5 11. Nce5 Nxe5 12. Nxe5 Qd5 13. Nf3 Rd8 14.
Be2 $11 {1/2-1/2 Donchenko,A-Gyimesi,Z/3rd Open Tanta City EGY 2000 (20)}) 8...
dxc4 (8... a6 $6 9. dxc5 Bxc5 10. b4 Ba7 11. Bb2 dxc4 12. Nxc4 b5 13. Nd6 Nd5
14. Nxc8 Rxc8 15. Qe2 Qe7 16. Rac1 $14 {1-0 Hecht,Hans Joachim-Niedermaier,
Hans/Bundesliga 8687 ;GER-chT 1987 (35)}) 9. Nxc4 cxd4 $11) 8. exd4 Nc6 9. b3 (
9. a3 $6 dxc4 $1 (9... g6 10. c5 Nd7 11. Nb3 e5 12. dxe5 Ndxe5 13. Nxe5 Nxe5
14. Be3 d4 $5 (14... Bg4 15. f3 Be6 $11) 15. Bxd4 Nxd3 16. Qxd3 Be6 17. Rfe1
Re8 (17... Bxb3 18. Qxb3 Qxd4 19. Rxe7 $16) 18. Rad1 Qd5 $44 {1/2-1/2 Kosten,
Anthony C-Marciano,David/Belfort (5) ;CBM 62 1997 (33)}) 10. Nxc4 b6 $15 {
[%csl Yd5,Rd4][%cal Gc8b7]}) 9... dxc4 10. Nxc4 (10. bxc4 Nxd4 11. Nb3 Nc6 12.
Qe2 b6 13. Bb2 Bb7 14. Rac1 Qc7 $17 {0-1 Sekulic,Dusan-Cvetkovic,Srdjan/
JUG-chT Cetinje ;TD 1993 (33)}) 10... Nb4 11. Bb1 b6 12. a3 Nbd5 13. Bb2 Bb7
$15 {0-1 Dunkelblum,Arthur-Darga,Klaus/Hoogovens Beverwijk ;EXT 99 1964 (21)})
7... Na6 (7... dxc4 8. Nxc4 Na6 9. O-O Nxc5 10. Bc2 b6 11. b3 Ba6 12. Qe2 Nce4
13. Bb2 Rc8 $11 {Clara,Hans Joachim-Neunhoeffer,Helmut/BL2-S9293 Germany ;
GER-chT2 1993/1/2-1/2 (42)}) (7... Bxc5 8. O-O Nc6 9. a3 a5 10. cxd5 (10. b3
Bd6 11. Bb2 Qe7 12. Qc2 h6 13. Rfd1 Rd8 14. h3 Bc7 $11 {1-0 Rantanen,Yrjo
A-Syrjanen,Jukka/FIN-ch Pori ;EXT 97 1986 (41)}) 10... exd5 11. Nb3 Bd6 12. Bd2
Bg4 13. Be2 Ne4 14. Nbd4 Qf6 15. Bc3 Qh6 $132 {1/2-1/2 Buhmann,Rainer-Acs,
Peter/Wch U18 Oropesa del Mar (3) ;CBM 72 ext 1999 (25)}) 8. O-O Nxc5 9. Be2 (
9. Bc2 dxc4 $1 (9... b6 10. b3 Ba6 11. Ne5 Qc7 12. Bb2 dxc4 13. Ndxc4 b5 14.
Ng4 $5 bxc4 15. Nxf6+ Bxf6 16. Bxf6 {1/2-1/2 Rantanen,Yrjo A-Nokso Koivisto,
Antti/FIN-ch Helsinki (2) ;EXT 97 1988}) 10. Nxc4 Qc7 11. b3 Rd8 12. Qe2 b5 13.
Nce5 Ba6 14. Bb2 b4 15. Nc4 Nfe4 $11 {0-1 Fatalibekova,Elena-Bezgodova,
Svetlana/Svetlogorsk op (Women) (5) ;EXT 98 1997 (42)}) (9. Bb1 a5 10. b3 dxc4
11. Nxc4 b5 12. Qxd8 Rxd8 13. Nb6 Rb8 14. Nxc8 Rbxc8 15. Nd4 b4 $15 {0-1
Boutchkov,J-Zoltek,Tadeusz/Laguna olm blind (6) ;EXT 2000 1996 (24)}) 9... b6
10. b3 (10. cxd5 Nxd5 11. Nb3 Bb7 12. Nxc5 Bxc5 13. Qa4 Qf6 $11 {0-1
Nimzowitsch,Aaron -Capablanca,Jose Raul/New York (1) ;HCL 1927 (41)}) 10... Bb7
11. Bb2 dxc4 12. Nxc4 {Total symmetry, but Black's move. Equal position.} Qc7 (
12... Rc8 $11) (12... Qxd1 13. Rfxd1 Rfd8 $11) 13. Be5 Qc6 {Black Queen is not
placed here better than on d8.} 14. Rc1 Rfd8 15. Qc2 Qe4 {To change QQ is good
decision.} 16. Qxe4 $11 Bxe4 (16... Nfxe4 $11) 17. Rfd1 Nd3 (17... Bd3 18. Kf1
Ng4 19. Bg3 Bxe2+ 20. Kxe2 Ne4 21. Nd4 $11) 18. Bxd3 Bxd3 19. Nd4 Bxc4 20. Rxc4
Rd5 (20... Rac8 21. Rdc1 Rxc4 22. Rxc4 Ne8 {[%csl Yc7]} 23. Kf1 Kf8 (23... Bc5
24. b4 $1 Nd6 25. Bxd6 Bxd6 26. Nc6 $14) 24. Ke2 Rd5 25. f4 a5 26. e4 Rc5 27.
Rxc5 Bxc5 28. Kd3 Ke7 29. Kc4 f6 30. Bb8 Nd6+ 31. Bxd6+ Kxd6 32. g3 $11) 21.
Rdc1 $2 $15 {Based on wrong variation calculation.} h6 $2 $132 (21... Rxe5 22.
Nc6 (22. Rc8+ Rxc8 23. Rxc8+ Bf8 24. Nc6 Nd7 $1 {[%csl Ye5,Yf8][%cal Gd7f8,
Gd7e5] I think,on this good move didn't pay attention both sides.} 25. Nxe5
Nxe5 $17) 22... Ra5 $1 23. Nxe7+ (23. Nxa5 bxa5 24. Rc8+ Rxc8 25. Rxc8+ Bf8 26.
Ra8 g6 27. Rxa7 Bb4 $15) 23... Kf8 24. Nc8 Rxa2 $15) 22. Nf3 Rad8 23. Kf1 {
Position remain be equal, but not dead draw.} Rc5 (23... Ne8 $11) 24. Bd4 Rxc4
25. Rxc4 Bd6 $6 {Endgame is not the best feature of young chessplayers, it was
proved very many times...} (25... Nd5 $6 26. a4 (26. e4 b5 27. Rc6 Nb4 28. Rc7
Bd6 29. Rxa7 Nc6 (29... Bxh2 $2 30. g3 Nc6 31. Bb6 $18) 30. Bb6 Nxa7 31. Bxd8
Nc6 32. Bb6 $16) 26... Bd6 27. e4 $14) ({Keep equal position} 25... Ne8 $1 26.
Ke2 f6 27. a4 e5 $11) 26. Bxf6 $5 gxf6 {[%csl Rf6,Rf7]} 27. Ke2 f5 28. Rd4 $5
Kf8 $4 $16 {Decisive mistake. Black K also want o participate in the game, but
better was} (28... f6 {[%csl Ge5,Gg5,Yf3]} 29. Rh4 Kg7 30. Nd4 Re8 31. h3 $132)
29. Ne5 $1 {[%cal Ge5c6,Gb3b4]} Ke8 (29... a5 30. a4 $1 {This strong
continuation provide to White advantage:} (30. Nc4 $6 Bc7 31. Rxd8+ Bxd8 32.
Kd3 Ke7 33. a4 {[%csl Yb5,Yc4,Rb6]} Bc7 34. f4 (34. Kd4 Kd7 35. Ne5+ Bxe5+ 36.
Kxe5 Ke7 {[%cal Gf7f6,Ge7d6]} 37. h3 f6+ 38. Kd4 (38. Kf4 Kd6 39. g4 fxg4 40.
Kxg4 {[%csl Rh6][%cal Gg4h5]} Kc5 41. Kh5 Kb4 42. Kxh6 Kxb3 43. h4 Kxa4 44. h5
b5 45. Kg7 b4 46. h6 b3 47. h7 b2 48. h8=Q b1=Q 49. Qe8+ Ka3 50. Qe7+ Ka4 51.
Qxe6 Qg1+ 52. Kf7 Qxf2 53. Qc4+ $11) 38... Kd6 39. Kc4 Kc6 40. b4 axb4 41. Kxb4
Kd6 42. Kb5 Kc7 $11) 34... Kd7 (34... f6 $2 35. Na3 e5 36. Nb5 Bb8 37. g3 {
[%cal Gd3c4]} Kd7 38. Kc4 Kc6 39. Nc3 Bc7 40. Nd5 Bd8 41. b4 axb4 42. Nxb4+ Kd6
43. Kb5 $16) 35. Na3 (35. Kd4 f6 36. g3 Kc6 $11) 35... Kc6 36. Kc4 Bd6 37. Nc2
Bc5 38. Nd4+ Bxd4 39. Kxd4 (39. exd4 Kd6 40. Kb5 Kc7 41. b4 axb4 42. Kxb4 Kd6
43. Kb5 Kc7 $11) 39... Kd6 40. Kc4 Kc6 41. b4 axb4 42. Kxb4 f6 43. Kc4 Kd6 44.
Kb5 Kc7 45. g3 Kb7 $11) 30... f6 (30... Ke8 31. Nc4 Bc7 32. Rh4 $16 {[%csl Rh6]
}) 31. Nc4 Bc7 32. Rxd8+ Bxd8 33. Kd3 Ke7 34. Na3 Kd6 35. Kc4 Kc6 36. Nb5 Be7
37. Nd4+ Kd6 38. Kb5 Bd8 39. Ka6 Kd7 40. Kb7 Kd6 41. h4 $16) 30. Nc6 {White
forcing winning RR endgame with one P more} Rd7 $8 31. Nxa7 Rxa7 (31... Bxh2
32. Rxd7 Kxd7 33. g3 $18 {[%csl Rh2]}) 32. Rxd6 Rxa2+ 33. Kf3 Ra6 34. b4 $1 Ke7
35. Rc6 Kd7 36. b5 $1 Ra2 37. Rxb6 Ke7 (37... Kc7 38. Ra6 Rb2 39. Ra7+ Kd6 40.
Rxf7 Rxb5 41. Rh7 $18) 38. h3 $1 h5 $6 (38... Rb2 39. Rb7+ Kf6 40. b6 Kg6 41.
g4 fxg4+ 42. hxg4 Rb4 43. Kg3 $16 {(+-)}) 39. Rb8 h4 $6 $18 40. b6 Rb2 41. g3
$1 hxg3 42. Kxg3 $1 {Now de-facto White have 2 PP over because doubled Black
PP f are useful.} Kf6 43. h4 e5 44. b7 Kg7 45. h5 f6 46. h6+ Kh7 47. f3 $22 Rb3
48. Kf2 Rb2+ 49. Ke1 f4 50. exf4 exf4 51. Kd1 {And White K will take PPf with
a victory} 1-0